| 000 | 00747 a2200181 4500 | ||
|---|---|---|---|
| 003 | Nust | ||
| 005 | 20170207153214.0 | ||
| 040 | _cNust | ||
| 082 | _a005.1 | ||
| 100 | _aKhan, Rabia (MSCS-13) | ||
| 245 |
_aA texture based watermarking scheme for audio in image using wavelet transform _cRabia Khan |
||
| 260 |
_bMCS,NUST _c2009 _aRawalpindi |
||
| 300 | _axi, 79, p.; | ||
| 505 | _aIntroduction (page-1) Literature review (page-4) Signal analysis by wavelet theory and its preference over other transform domains (page-12) Methodology of proposed approaches (page-260 System design and implementation (page-45) Results and analysis (page-56) Conclusion (page-69) | ||
| 538 | _aAlmirah No 69 Shelf No 4 | ||
| 650 | _aPG Thesis | ||
| 651 | _aMSCS-13 | ||
| 942 | _cTHS | ||
| 999 |
_c181527 _d181527 |
||